Normal view
MARC view
Entry Personal Name
001 - CONTROL NUMBER
- control field: 21847
003 - CONTROL NUMBER IDENTIFIER
- control field: ARRUPE
005 - DATE AND TIME OF LATEST TRANSACTION
- control field: 20160127114827.0
008 - FIXED-LENGTH DATA ELEMENTS
- fixed length control field: 160127|| aca||aabn | a|a d
040 ## - CATALOGING SOURCE
- Original cataloging agency: ARRUPE
- Transcribing agency: ARRUPE
100 ## - HEADING--PERSONAL NAME
- Personal name: Markham, Albert Hastings,
- Titles and other words associated with a name: Sir,
- Dates associated with a name: 1841-1918.
670 ## - SOURCE DATA FOUND
- Source citation: Work cat.: (ARRUPE)0: Markham, Albert Hastings, Sir, 1841-1918., Life of Sir John Franklin and the North-west Passage., 1891.